| 000 | 02161cam a22004574i 4500 | ||
|---|---|---|---|
| 003 | PE-LiUPU | ||
| 005 | 20250731165409.0 | ||
| 008 | 151019s2011 pe grm 000 0 spa d | ||
| 035 | _a(Sirsi) a154944 | ||
| 040 |
_aPE-LiUPU _bspa _cPE-LiUPU _erda |
||
| 099 |
_aTEF 2 _bC29 2011 |
||
| 100 | 1 |
_aCastro Rodríguez, Raquel Mahali _eautor |
|
| 245 | 1 |
_aOrigen, desarrollo histórico y perspectivas de la Escuela Académico Profesional de Enfermería 1984 - 2009, en el marco de la misión de la Universidad Peruana Unión / _cRaqiel Mahali Castro Rodríguez. |
|
| 264 | 0 | _c2011. | |
| 300 |
_a216 hojas _c30 cm |
||
| 336 |
_atext _2rdacontent |
||
| 337 |
_aunmediated _2rdamedia |
||
| 338 |
_avolume _2rdacarrier |
||
| 502 |
_aTesis _b(Lic.) -- _cUniversidad Peruana Unión, _d2011. |
||
| 504 | _aIncluye referencias | ||
| 520 | 3 | _aEl objetivo de esta investigación fue describir el origen, desarrollo histórico y perspectiva de la Escuela Académico Profesional de Enfermería, 1984 - 2009, en el marco de la misión de la Universidad Peruana Unión. La investigación es de carácter histórico, los datos fueron recogidos de la Actas del Consejo Universitario, Actas de Consejo de Facultad, Revistas, Estructuras curriculares y documentos legales, que luego fueron llenados a un formato para validar la información recopilada. Además se realizó un guión de entrevista de profundidad con preguntas semiestructuradas para precisar los hechos importantes y trascendentes de la E.A.P. de Enfermería. | |
| 526 | _aSEG44 | ||
| 526 | _aSEG26 | ||
| 526 | _aP151 | ||
| 526 | _aP150 | ||
| 526 | _aP149 | ||
| 526 | _aP146 | ||
| 526 | _aP145 | ||
| 526 | _aP126 | ||
| 526 | _aP125 | ||
| 526 | _aP92 | ||
| 526 | _aP75 | ||
| 526 | _aP74 | ||
| 526 | _aP27 | ||
| 526 | _aP15 | ||
| 650 | 0 | 4 |
_aUniversidad Peruana Unión _xEscuela Académico Profesional de Enfermería _xHistoria. |
| 700 | 1 |
_aAnita Keyla Fernández Segura _eautor |
|
| 596 | _a1 | ||
| 942 |
_2ddc _cTESIS |
||
| 999 |
_aTEF 2 C29 2011 _wALPHANUM _c7637 _iT01250 _d7637 _lCCODEBUL3 _mBUL _q2 _r1 _sY _tTESIS _u2015-10-19 _xSALUD _PP22 _o.STAFF. Tesis |
||
| 980 |
_81 _gALBERTO SANCHEZ Responsable de Automatización |
||